| 000 | 00503nam a2200193Ia 4500 | ||
|---|---|---|---|
| 005 | 20250423101122.0 | ||
| 008 | 250422s9999 xx 000 0 und d | ||
| 020 | _a9780397547722 | ||
| 050 | _aRT 62 .R67/ | ||
| 100 | _aRosdahl, Caroline Bunker | ||
| 245 | 0 | _aTextbook of basic nursing | |
| 250 | _a5th ed. | ||
| 260 | _aAmerica | ||
| 260 | _bJ.B. Lippincott | ||
| 260 | _c2017 | ||
| 300 | _a1144 p | ||
| 650 | _aNursing--Practice. Community health nursing. Nursing care plans. | ||
| 942 | _cBK | ||
| 999 |
_c35342 _d35342 |
||